| 000 | 03006nam a2200565 c 4500 | ||
|---|---|---|---|
| 003 | BLK | ||
| 005 | 20250719122059.0 | ||
| 008 | 180410b bul|||||r ||||||| ||bul|| | ||
| 010 | _aKNG00156630000 | ||
| 020 |
_a978-954-26-1257-5 _bиздат.: Хермес |
||
| 040 | _aBLK | ||
| 041 |
_aBUL _cBUL |
||
| 072 | 7 |
_2bullib _aН83 _xЧужда художествена литература Н |
|
| 080 |
_aАмериканска литература (на САЩ) _b821.111(73) _x-94 _z821.111(73)-94 |
||
| 080 |
_aСпортна борба. Тежка атлетика. Културизъм _b796.8 _x.071(73)(092)(0:82-9) _z796.8.071(73)(092)(0:82-9) |
||
| 080 |
_aКиноактьори _b791.44.071.2 _x(73)(092)(0:82-9) _z791.44.071.2(73)(092)(0:82-9) |
||
| 080 |
_aПолитика. Вж и 341 ; 342 _b32 _x(73)(092)(0:82-9) _z32(73)(092)(0:82-9) |
||
| 080 |
_aАвстро-американски професионален културист, актьор, режисьор, предприемач, инвеститор и политик _b929 Шварценегер, Арнолд _x _z929 Шварценегер, Арнолд |
||
| 100 | 1 |
_aШварценегер, Арнолд _eпърви автор _9142972 |
|
| 700 | 1 |
_aПетре, Петер _eсъавт. _9330916 |
|
| 700 | 1 |
_aЛазарова, Калина Иванова _eпрев. от англ. _9326275 |
|
| 700 | 1 |
_aМиткова, Павлина Николова _eпрев. от англ. _9267045 |
|
| 139 |
_aШварценегер, Арнолд и др. _bШ 43 |
||
| 245 | 1 | 0 |
_aЗов за завръщане _bМоята невероятна история _cАрнолд Шварценегер; съавт. Петер Петре; прев. от англ. Калина Иванова Лазарова; прев. от англ. Павлина Николова Миткова. |
| 257 | _aUSA | ||
| 260 |
_аПловдив _bХермес _c2013 _fКостинброд : Мултипринт |
||
| 300 |
_a527 с., 32 л. _bсъс сн. _c25 см |
||
| 380 | _aX | ||
| 500 | _aОриг. загл. Total Regall / Arnold Schwarzenegger. | ||
| 600 | 1 | 4 |
_aШварценегер, Арнолд _9142972 |
| 650 | 4 |
_aШварценегер, Арнолд _9142972 |
|
| 650 | 4 |
_aАртисти, американски _9250937 |
|
| 650 | 4 |
_aАктьори, американски _9280366 |
|
| 650 | 4 |
_aПолитици, американски - биографии _9267571 |
|
| 650 | 4 |
_aКултуристи _9159962 |
|
| 651 | 4 |
_aСАЩ _9179493 |
|
| 653 | _aАрнолд Шварценегер | ||
| 653 | _aмемоари | ||
| 653 | _aкултуристи | ||
| 653 | _aактьори | ||
| 653 | _aпредприемачи | ||
| 653 | _aполитици | ||
| 659 | _aН | ||
| 852 | _aЦб 268105 | ||
| 856 | 4 |
_qpdf _u |
|
| 856 | 4 |
_qpdf _u |
|
| 942 |
_cKNG _n0 _022 |
||
| 944 |
_aCR _c13.02.2014 _lНора Радева _k30545 |
||
| 944 |
_aED _c03.10.2017 _lф / _kЛюдмила_Стоянова |
||
| 999 |
_c150311 _d150311 |
||